Brytyjskie miasta - nagła śmierć - Statystyki

Ogólne statystyki
  • Ten quiz został rozwiązany 7 004 razy
  • Średni wynik to 11 z 24
Answers on the Grid
Answers color-coded by a green-red scale on the quiz's grid according to % correct below.
Aberdeen
Birmingham
Brisbane
Bristol
Cairns
Calgary
Cardiff
Chelmsford
Colchester
Kornwalia
Coventry
Derby
Dublin
Edynburg
Fredericton
Georgetown
Glasgow
Invercargill
Leeds
Leicester
Lethbridge
Liverpool
Londyn
Manchester
Moncton
Norwich
Nottingham
Peterborough
Plymouth
Poughkeepsie
Puddingcastle
Salisbury
Sheffield
Southampton
Southwich
Sztokholm
Swansea
Worcester
Yorkshire
 
Statystyki odpowiedzi
Odpowiedź % Poprawnych
Birmingham
89%
Bristol
76%
Cardiff
69%
Londyn
57%
Liverpool
56%
Manchester
53%
Aberdeen
51%
Edynburg
51%
Leeds
51%
Derby
50%
Glasgow
49%
Leicester
49%
Nottingham
49%
Coventry
48%
Norwich
44%
Sheffield
43%
Plymouth
41%
Southampton
41%
Colchester
33%
Swansea
33%
Peterborough
27%
Worcester
17%
Salisbury
14%
Chelmsford
11%
Nie znaleziono quizów pasujących do podanych kryteriów
Rozkład punktacji
Procent ludzi z każdym wynikiem
Percentyl według liczby udzielonych odpowiedzi
Twoja historia wyników
Nie rozwiązałeś tego quizu